• 首页
  • 本馆介绍
  • 公告通知
  • 最新文献
  • 馆藏检索
  • 电子资源
  • 读者导购
  • 参考咨询
  • 我的图书馆
  • 登录
  • 详细信息显示
  • 放入我的书架
  • 预约/预借图书
  • 作者相关作品
  • 分类相关作品
  • 丛书相关作品
  • 出版社相关作品

书目信息

  • 表格格式
  • 工作单格式
  • 卡片格式
题名:
插图艺术欣赏
    
 
作者: 张守义 , 刘丰杰 著
分册:  
出版信息: 太原   山西教育出版社  1996
页数: 280页
开本: 19cm
丛书名: 美育丛书
单 册:
中图分类: J218.5 , G40-014
科图分类:
主题词: 插图--鉴赏--世界--青年读物 , 教育学
电子资源:
ISBN: 7-5440-0644-1
000 01056nam2 2200325 45
001 0197000138
005 20040426144223.8
010    @a7-5440-0644-1@dCNY10.20
100    @a19961206d1996 em y0chiy0120 ea
101 0  @achi
102    @aCN@b140000
105    @af z 000yy
106    @ar
200 10 @a插图艺术欣赏@Acha tu yi shu xin shang@f张守义,刘丰杰著
210    @a太原@c山西教育出版社@d1996
215    @a280页@c图@d19cm
225 2  @a美育丛书@i美术系列
300    @a国家“八五”规划重点图书
304    @a张守义(1930~ ),河北平泉人,人民文学出版社编审,中国美术家协会理事、 插图装帧艺术委员会主任委员
304    @a刘丰杰(1942~ ),河北定州人,天津人民出版社编审、美编室主任,中国版协装帧艺术委员会常务委员
410  0 @120010@a美育丛书
517 1  @a美术系列@Amei shu xi lie
606    @a插图@x鉴赏@y世界@x青年读物
606 0  @a教育学
690    @aJ218.5@v3
690    @aG40-014
701  0 @a张守义@Azhang shou yi@4著
701  0 @a刘丰杰@Aliu feng jie@4著
801  0 @aCN@bNLC@c19970129
905    @f3@b276653-655@dG40-014@e193:8
    
    插图艺术欣赏/张守义,刘丰杰著.-太原:山西教育出版社,1996
    280页:图;19cm.-(美育丛书.美术系列)
    国家“八五”规划重点图书
    
    ISBN 7-5440-0644-1:CNY10.20
    
●
相关链接 在E读中查询图书 在五车中查询图书 在当当中查询图书 在豆瓣中查询图书


正题名:插图艺术欣赏     索取号:G40-014/193:8         预约/预借

序号 登录号 条形码 馆藏地/架位号 状态 备注
1 0275423   002055992   第一样本阅览室/ [索取号:G40-014/193:8] 在馆    
2 0276653   001499079   密集书库/ [索取号:G40-014/193:8] 在馆    
3 0276654   001499104   密集书库/ [索取号:G40-014/193:8] 在馆    
4 0276655   001496376   密集书库/ [索取号:G40-014/193:8] 在馆    
唐山师范学院图书馆 欢迎您!
大连网信软件有限公司© 版权所有